| 000 | 00636pam a2200217 a 4500 | ||
|---|---|---|---|
| 001 | 2960215 | ||
| 005 | 20260424130408.0 | ||
| 008 | 910515s1992 cauc b 001 0 eng | ||
| 020 | _a1559340339 | ||
| 020 | _a9781559340335 | ||
| 050 | 0 | 0 |
_aPN4121 _b.R9 1991 |
| 082 | 0 | 0 |
_a808.5/1 _220 |
| 100 | 1 | _aRyan, Halford Ross. | |
| 245 | 1 | 0 |
_aClassical communication for the contemporary communicator / _cHalford Ryan. |
| 260 |
_aMountain View, Calif. : _bMayfield Pub. Co., _c1992. |
||
| 300 |
_axi, 244 p. : _bports. ; _c24 cm. |
||
| 650 | 0 | _aPublic speaking. | |
| 650 | 0 | _aOral communication. | |
| 650 | 0 | _aOratory. | |
| 942 |
_2lcc _cBK _n0 |
||
| 999 |
_c9613 _d9613 |
||